I can't eat that: the sociology behind the rise in food allergies and intolerances/

Salvato in:
Dettagli Bibliografici
Autore principale: Haeusermann, Tobias
Natura: Libro
Lingua:English
Tags: Aggiungi Tag
Nessun Tag, puoi essere il primo ad aggiungerne!!

MARC

LEADER 00000nam a22000007a 4500
003 cru CIDCACS/IIS
005 20161104104525.0
007 ta
008 161104s2014 xxu||||| |||| 00| 0 eng d
040 |c cru CIDCACS/IIS 
100 1 |9 364  |a Haeusermann, Tobias 
245 1 |a I can't eat that:  |b the sociology behind the rise in food allergies and intolerances/  |c Tobias Haeusermann 
300 |a páginas 369-386 
773 0 |0 18701  |9 125  |d Los Angeles: SAGE Publications  |o R19010  |t Current Sociology /  |x 00113921 
942 |2 ddc  |c PP 
999 |c 18706  |d 18706